Deference, dissent, and dispute resolution: an experimental intervention using mass media to change norms and behavior in Rwanda (Record no. 85647)

000 -LEADER
fixed length control field 00508pab a2200169 454500
008 - FIXED-LENGTH DATA ELEMENTS--GENERAL INFORMATION
fixed length control field 180718b2009 xxu||||| |||| 00| 0 eng d
100 ## - MAIN ENTRY--PERSONAL NAME
Personal name Paluck, Elizabeth Levy
245 ## - TITLE STATEMENT
Title Deference, dissent, and dispute resolution: an experimental intervention using mass media to change norms and behavior in Rwanda
260 ## - PUBLICATION, DISTRIBUTION, ETC.
Date of publication, distribution, etc. 2009
300 ## - PHYSICAL DESCRIPTION
Extent p.622-44.
362 ## - DATES OF PUBLICATION AND/OR SEQUENTIAL DESIGNATION
Dates of publication and/or sequential designation Nov
650 ## - SUBJECT ADDED ENTRY--TOPICAL TERM
Topical term or geographic name entry element Mass media
700 ## - ADDED ENTRY--PERSONAL NAME
Personal name Green, Donald P.
773 ## - HOST ITEM ENTRY
Main entry heading American Political Science Review
908 ## - PUT COMMAND PARAMETER (RLIN)
Put command parameter N
909 ## -
-- 85647
Holdings
Withdrawn status Lost status Damaged status Not for loan Permanent Location Current Location Date acquired Serial Enumeration / chronology Barcode Date last seen Price effective from Koha item type
        Indian Institute of Public Administration Indian Institute of Public Administration 2018-07-19 Volume no: 103, Issue no: 4 AR86107 2018-07-19 2018-07-19 Articles

Powered by Koha